Теоретические основы надёжности и эффективности электроснабжения: учебное пособие для бакалавров и магистров

Бібліографічні деталі
Автор: Папков Б. В. Борис Васильевич
Інші автори: Осокин В. Л. Владимир Леонидович
Резюме:В учебном пособии излагаются основы фундаментальной классической и специальной теории систем и теории надёжности, которые наиболее часто используются в электроэнергетике. Приведены основные понятия, предложения по оценке надёжности электроэнергетических систем и систем электроснабжения, технико-экономической оценке последствий нарушений электроснабжения потребителей и основам принятия инженерных решений по управлению электропотреблением в условиях аварийных ситуаций в энергосистемах. Рассмотрены методы анализа, особенности функционирования и развития больших технических систем с приложениями и примерами из электроэнергетики. Даётся математический аппарат, необходимый для решения задач создания, эксплуатации и развития систем электроэнергетики. Материалы пособия отражают современное состояние теории надёжности в области электроэнергетики, иллюстрируются наглядными практическими примерами, решение которых доведено до численного результата.
Мова:Російська
Опубліковано: Старый Оскол, ТНТ, 2019
Предмети:
Формат: MixedMaterials Книга
KOHA link:https://koha.lib.tpu.ru/cgi-bin/koha/opac-detail.pl?biblionumber=341725

MARC

LEADER 00000nam0a2200000 4500
001 341725
005 20231102005357.0
010 |a 9785941786138 
035 |a (RuTPU)RU\TPU\book\369955 
090 |a 341725 
100 |a 20181019d2019 m y0rusy50 ca 
101 0 |a rus 
102 |a RU 
105 |a a j 001zy 
200 1 |a Теоретические основы надёжности и эффективности электроснабжения  |e учебное пособие для бакалавров и магистров  |f Б. В. Папков, В. Л. Осокин 
210 |a Старый Оскол  |c ТНТ  |d 2019 
215 |a 592 с.  |c ил. 
320 |a Библиогр.: с. 587-591 
330 |a В учебном пособии излагаются основы фундаментальной классической и специальной теории систем и теории надёжности, которые наиболее часто используются в электроэнергетике. Приведены основные понятия, предложения по оценке надёжности электроэнергетических систем и систем электроснабжения, технико-экономической оценке последствий нарушений электроснабжения потребителей и основам принятия инженерных решений по управлению электропотреблением в условиях аварийных ситуаций в энергосистемах. Рассмотрены методы анализа, особенности функционирования и развития больших технических систем с приложениями и примерами из электроэнергетики. Даётся математический аппарат, необходимый для решения задач создания, эксплуатации и развития систем электроэнергетики. Материалы пособия отражают современное состояние теории надёжности в области электроэнергетики, иллюстрируются наглядными практическими примерами, решение которых доведено до численного результата. 
606 1 |a Электроснабжение  |2 stltpush  |3 (RuTPU)RU\TPU\subj\20841  |9 45911 
610 1 |a системные представления 
610 1 |a понятия 
610 1 |a определения 
610 1 |a надежность 
610 1 |a теория множеств 
610 1 |a теория графов 
610 1 |a вероятностные методы 
610 1 |a статистические методы 
610 1 |a моделирование 
610 1 |a нечеткие графы 
610 1 |a нечеткие множества 
610 1 |a нечеткие отношения 
610 1 |a риск-менеджмент 
610 1 |a учебные пособия 
675 |a 621.31.031(075.8)  |v 4 
700 1 |a Папков  |b Б. В.  |g Борис Васильевич 
701 1 |a Осокин  |b В. Л.  |g Владимир Леонидович 
801 1 |a RU  |b 63413507  |c 20181019 
801 2 |a RU  |b 63413507  |c 20190924  |g RCR 
942 |c BK 
959 |a 3/20180221  |d 1  |e 1181,00  |f ЧЗТЛ:1